| 000 | 00363nam a2200157Ia 4500 | ||
|---|---|---|---|
| 008 | 230524s9999 xx 000 0 und d | ||
| 082 |
_a6.6 _bSHE |
||
| 100 | _aJames E.Shuman | ||
| 245 | 0 | _aMultimedia in Action | |
| 250 | _a2ND | ||
| 260 |
_aNEW DELHI _bVikas _c1997 |
||
| 300 | _a352 | ||
| 500 | _aQuantity Number: 2 | ||
| 650 | _aElectronics | ||
| 942 | _cBK | ||
| 999 |
_c17663 _d17663 |
||